Normal view
MARC view
- Francis, Hayden,
Entry Personal Name
001 - CONTROL NUMBER
- control field: 6338
003 - CONTROL NUMBER IDENTIFIER
- control field: URS
005 - DATE AND TIME OF LATEST TRANSACTION
- control field: 20250819125328.0
008 - FIXED-LENGTH DATA ELEMENTS
- fixed length control field: 250819|| aca||aabn | a|a d
040 ## - CATALOGING SOURCE
- Original cataloging agency: URS
100 ## - HEADING--PERSONAL NAME
- Personal name: Francis, Hayden,
- Relator term: author.

Journal of the ASEAN Federation of Endocrine Societies
Journal of the Philippine Dermatological Society


Phil. Journal of Health Research & Development
Phil. Journal of Neurology
Philippine Journal of Nuclear Medicine
Philippine Journal of Ophthalmology





JSTOR
Philippine eJournals
Tritech Digital Media
Bangko Sentral ng Pilipinas Resources











Philippine Daily Inquirer
